000 01052nam a2200277Ia 4500
003 OSt
005 20221005110932.0
006 a|||||r|||| 00| 0
007 ta
008 221004b |||||||| |||| 00| 0 hin d
020 _a9788126716524 (hbk)
_c800
024 _a17390
037 _bBR8453, 23/03/2015, Rajkamal Prakashan Pvt. Ltd.
_cTextual
040 _aCRL
_cCRL
_bhin
041 _2hin
_ahin
082 _aO152:gk, P9
100 _aअमरनाथ
245 0 _aहिन्दी आलोचना की पारिभाषिक शब्दावली
246 _aHindī ālochanā kī pāribhāṣhik shabdāvalī
250 _a2 संशोधित संस्करण
260 _aनई दिल्ली
_bराजकमल प्रकाशन भारत
_c2012
300 _a399पृ0
_ccm.
650 _aहिन्दी साहित्य
942 _hO152:gk, P9
_cTEXL
_2cc
999 _c1020309
_d1020309